000 00297 a2200145 4500
001 155131
040 _cEscola São Tomás de Aquino
100 _aFALLA, Tim
240 1 0 _aSolutions
_lpor
245 1 0 _aSolutions
300 _a144
362 0 _a2013
697 _aLíngua inglesa
942 _cBK
999 _c155131
_d155131